00406 2200169 4500001002100000008004100021035002000062245004000082100001600122250000600138260003200144300001200176084001400188082000800202650001400210990001200224INLIS000000000001000 ind  a0010-0524000235 aKeajaiban Shalat SubuhcImad Ali A. aAli A, Imad a1 aJakarta :bDarul Imanc2007 a167 hlm a200 IMA k a200 aNon Fiksi a0743977